Nuevos ensayos de lingüística general
Gespeichert in:
| 1. Verfasser: | |
|---|---|
| Format: | Buch |
| Sprache: | Undetermined |
| Veröffentlicht: |
México, Distrito Federal
Siglo Veintiuno
1976
|
| Schlagworte: | |
| Tags: |
Tag hinzufügen
Keine Tags, Fügen Sie den ersten Tag hinzu!
|
MARC
| LEADER | 00000nam a2200000Ia 4500 | ||
|---|---|---|---|
| 008 | 170316s9999 xx 000 0 und d | ||
| 090 | |a 410 J-3n | ||
| 100 | |a Jakobson, Roman | ||
| 245 | |a Nuevos ensayos de lingüística general | ||
| 260 | |a México, Distrito Federal | ||
| 260 | |b Siglo Veintiuno | ||
| 260 | |c 1976 | ||
| 300 | |a 333 páginas | ||
| 650 | |a LINGÜÍSTICA | ||
| 999 | |c 18482 |d 18482 | ||
| 040 | |a cru BVZT | ||
| 942 | |c 15 D |h 410 J-3n |2 z | ||
